Physical processes of urbanisation in Delhi (Record no. 27081)

000 -LEADER
fixed length control field 00452pab a2200157 454500
008 - FIXED-LENGTH DATA ELEMENTS--GENERAL INFORMATION
fixed length control field 180718b xxu||||| |||| 00| 0 eng d
100 ## - MAIN ENTRY--PERSONAL NAME
Personal name Diwakar Ashok
245 ## - TITLE STATEMENT
Title Physical processes of urbanisation in Delhi
362 ## - DATES OF PUBLICATION AND/OR SEQUENTIAL DESIGNATION
Dates of publication and/or sequential designation 13(2), Jul-Dec 1993, p 1994-106
650 ## - SUBJECT ADDED ENTRY--TOPICAL TERM
Topical term or geographic name entry element Land Use, Urban -- India -- Delhi
650 ## - SUBJECT ADDED ENTRY--TOPICAL TERM
Topical term or geographic name entry element Cities and Towns
650 ## - SUBJECT ADDED ENTRY--TOPICAL TERM
Topical term or geographic name entry element Urbanisation -- India -- Delhi
700 ## - ADDED ENTRY--PERSONAL NAME
Personal name Qureshi M.H.
773 ## - HOST ITEM ENTRY
Main entry heading Urban India
909 ## -
-- 27081
Holdings
Withdrawn status Lost status Damaged status Not for loan Permanent Location Current Location Date acquired Barcode Date last seen Price effective from Koha item type
        Indian Institute of Public Administration Indian Institute of Public Administration 2018-07-19 AR27183 2018-07-19 2018-07-19 Articles

Powered by Koha